000
00234nam a2200109Ia 4500
008
190216s9999||||xx |||||||||||||| ||und||
100
_a
Gupta
245
0
_a
Principles Of Accounting
260
_b
Null
650
_a
Commerce
942
_c
BK
999
_c
4375
_d
4375